| 000 | 00000nam 2200000zi 4500 |
| 001 | 9.940729 |
| 003 | CaOODSP |
| 005 | 20240718141140 |
| 006 | m o d f |
| 007 | cr bn||||||||| |
| 008 | 240718t19741975onc o f000 0 eng d |
| 040 | |aCaOODSP|beng|erda|cCaOODSP |
| 041 | 0 |aeng|beng|bfre |
| 043 | |an-cn--- |
| 086 | 1 |aEn42-1/2-74-1E-PDF |
| 086 | 1 |aEn42-2/74-1 |
| 245 | 00|aCanada's motor vehicle pollution control program. |
| 264 | 1|aOttawa : |bEnvironment Canada, Environmental Protection Service = Environnement Canada, Service de la protection de l'environnement, |c1974. |
| 264 | 4|c©1975 |
| 300 | |a1 online resource (iv, 35 pages). |
| 336 | |atext|btxt|2rdacontent |
| 337 | |acomputer|bc|2rdamedia |
| 338 | |aonline resource|bcr|2rdacarrier |
| 490 | 1 |aEnvironmental Protection Service report series = |aSérie de rapports du Service de la protection de l'environnement |
| 500 | |a"Mobile Sources Division, Abatement and Compliance Branch, Air Pollution Control Directorate." |
| 500 | |a"Report EPS 2-AP-74-1, June 1974." |
| 500 | |a"Policy and planning, report EPS 2-AP-74-1"--Cover. |
| 500 | |a"Air Pollution Control Directorate …"--Cover. |
| 500 | |aDigitized edition from print [produced by Environment and Climate Change Canada]. |
| 546 | |aIncludes abstracts in English and French. |
| 650 | 0|aAutomobiles|xMotors|xExhaust gas|xGovernment policy|zCanada. |
| 650 | 0|aAir|xPollution|xGovernment policy|zCanada. |
| 650 | 6|aAutomobiles|xMoteurs|xGaz d'échappement|xPolitique gouvernementale|zCanada. |
| 650 | 6|aAir|xPollution|xPolitique gouvernementale|zCanada. |
| 710 | 1 |aCanada. |bEnvironmental Protection Service, |eissuing body. |
| 710 | 1 |aCanada. |bAir Pollution Control Directorate, |eissuing body. |
| 830 | #0|aEnvironmental Protection Service report series.|w(CaOODSP)9.866031 |
| 856 | 40|qPDF|s862 KB|uhttps://publications.gc.ca/collections/collection_2024/eccc/en42/En42-1-2-74-1-eng.pdf |